000 00888pam a2200313 a 4500
003 OSt
005 20140310184437.0
008 871124s1989 nyua j b 001 0 eng
010 _a 87032332
020 _a0590413384 :
_c$14.95
040 _aDLC
_cDLC
_dDLC
042 _alcac
043 _ae-gr---
050 0 0 _aBL 782
_b.Os86 1989
100 1 _aOsborne, Mary Pope.
_95061
245 1 0 _aFavorite greek myths /
_cMary Pope Osborne
260 _aNew York :
_bScholastic, Inc.,
_c1989.
300 _a81 p. :
_bcol. ill. ;
_c29 cm.
521 _aG5
526 _c870
650 0 _aMythology, Greek
_xJuvenile literature.
_927264
650 1 _aMythology, Greek.
_95060
700 1 _aHowell, Troy,
_eill.
_927265
906 _a7
_bcbc
_corignew
_d1
_eocip
_f19
_gy-gencatlg
942 _2lcc
_cBK-SCHOLAS
999 _c34406
_d34406